01775nam a2200361 a 4500001001200000003000800012006001900020007001500039008004100054010001700095020001500112020001800127020002700145040002100172035002100193050002400214082001700238100001600255245012300271260004500394300001900439440005700458504005400515505037800569533015200947650006401099650003001163650003101193655002901224710001701253856012601270999001701396ebr10601461CaPaEBRm u cr cn|||||||||100512s2009 gw a sb 000 0 eng d z 2010292938 z3631589816 z9783631589816 z9783653009293 (e-book) aCaPaEBRcCaPaEBR a(OCoLC)81547782214aPE1404b.K59 2009eb04a428.00762221 aKnoch, Ute.10aDiagnostic writing assessmenth[electronic resource] :bthe development and validation of a rating scale /cUte Knoch. aFrankfurt am Main :bPeter Lang,cc2009. a319 p. :bill. 0aLanguage testing and evaluation,x1612-815X ;vv. 17 aIncludes bibliographical references (p. 301-319).0 aIntroduction -- Performance assessment of writing -- Rating scales -- Measuring constructs and constructing -- Metholodogy: analysis of writing scripts -- Results: analysis of writing scripts -- Discussion: analysis of writing scripts -- Methodology: validation of rating scale -- Results: validation of rating scale -- Discussion: validation of rating scale -- Conclusion. aElectronic reproduction.bPalo Alto, Calif. :cebrary,d2011.nAvailable via World Wide Web.nAccess may be limited to ebrary affiliated libraries. 0aEnglish languagexRhetoricxStudy and teachingxEvaluation. 0aWritingxAbility testing. 0aEnglish languagexWriting. 7aElectronic books.2local2 aebrary, Inc.40uhttp://site.ebrary.com/lib/rucke/Doc?id=10601461zAn electronic book accessible through the World Wide Web; click to view c99438d99438